00769nam a2200181 a 450000100100000000500170001000800410002704000250006808200150009311001130010824500500022126001070027130000280037850000420040604900090044895201130045799900170057000001440620200929163840.0091211s1999 dr a 000 0 spa d aDO-SdBNPbspacBNPHU axxxbR426e1 aRepública DominicanabSecretariado Técnico de la PresidenciabOficina Nacional de Planificación91106210aEvolución de la economía dominicana 1998. aSanto Domingo :bSecretariado Técnico de la PresidenciabOficina Nacional de Planificación,c1999. a154 p. :bil. ;c29 cm. aIncluye notas al pie de las páginas aBNPD 0010718PDaPDbPDcCTd2009-12-11iLF1l0oxxx R426ep14406-10r2020-06-25w2020-06-25yLFPDZNo se presta c13997d13997